El eclesiastico perfecto (Record no. 8146)
[ view plain ]
| 000 -CABECERA | |
|---|---|
| campo de control de longitud fija | 01076nam a2200265 a 4500 |
| 001 - NÚMERO DE CONTROL | |
| campo de control | BRCA_8479 |
| 003 - IDENTIFICADOR DEL NÚMERO DE CONTROL | |
| campo de control | FranzMayer |
| 005 - FECHA Y HORA DE LA ÚLTIMA TRANSACCIÓN | |
| campo de control | 20230724103221.0 |
| 008 - DATOS DE LONGITUD FIJA--INFORMACIÓN GENERAL | |
| campo de control de longitud fija | 150316s1782----sp-#######---#000-0#spa-# |
| 040 ## - FUENTE DE LA CATALOGACIÓN | |
| Centro catalogador/agencia de origen | MFM |
| Lengua de catalogación | esp |
| Centro/agencia transcriptor | MFM |
| 041 ## - CÓDIGO DE LENGUA | |
| Código de lengua del texto/banda sonora o título independiente | spa |
| 044 ## - CÓDIGO DEL PAÍS DE LA ENTIDAD EDITORA/PRODUCTORA | |
| Código MARC del país | sp |
| 084 ## - OTRO NÚMERO DE CLASIFICACIÓN | |
| Número de clasificación | BE8 |
| Número de documento/Ítem | .Z36 1782 |
| 100 1# - ENTRADA PRINCIPAL--NOMBRE DE PERSONA | |
| Nombre de persona | Zamora, Juan de |
| 9 (RLIN) | 21255 |
| 245 10 - MENCIÓN DE TÍTULO | |
| Título | El eclesiastico perfecto |
| Mención de responsabilidad, etc. | su autor el R. P. Fr. Juan de Zamora, ex-lector dos veces de Sagrada Teologia, Juez Examinador Synodal de el Arzobispado de Toledo, y Misionero Apostólico, de el Orden de Menores Capuchinos, en esta Provincia de las dos Castillas. |
| 260 ## - PUBLICACIÓN, DISTRIBUCIÓN, ETC. | |
| Lugar de publicación, distribución, etc. | Madrid |
| Nombre del editor, distribuidor, etc. | En la Imprenta de D. Pedro Marin |
| Fecha de publicación, distribución, etc. | 1782 |
| 300 ## - DESCRIPCIÓN FÍSICA | |
| Extensión | 454 p. (2da. impresión) |
| Dimensiones | 21 x 15 cm. |
| 500 ## - NOTA GENERAL | |
| Nota general | Estado físico : carece de últimas páginas y lomo semidesprendido |
| 500 ## - NOTA GENERAL | |
| Nota general | Libro en sala de exhibiciones artes decorativas 1, dentro del Museo Franz Mayer |
| 650 14 - PUNTO DE ACCESO ADICIONAL DE MATERIA--TÉRMINO DE MATERIA | |
| Término de materia o nombre geográfico como elemento de entrada | Vida monaìstica y religiosa |
| 9 (RLIN) | 21256 |
| 650 14 - PUNTO DE ACCESO ADICIONAL DE MATERIA--TÉRMINO DE MATERIA | |
| Término de materia o nombre geográfico como elemento de entrada | Ejercicios espirituales |
| 9 (RLIN) | 21257 |
| 650 14 - PUNTO DE ACCESO ADICIONAL DE MATERIA--TÉRMINO DE MATERIA | |
| Término de materia o nombre geográfico como elemento de entrada | Retiros espirituales |
| 9 (RLIN) | 21258 |
| 902 ## - CATALOGADOR | |
| Iniciales | CFM |
| 942 ## - ELEMENTOS DE PUNTO DE ACCESO ADICIONAL (KOHA) | |
| Fuente del sistema de clasificación o colocación | Library of Congress Classification |
| Tipo de ítem Koha | Libros |
| Estado de retiro | Estado de pérdida | Fuente del sistema de clasificación o colocación | Estado dañado | No para préstamo | Código de colección | Localización permanente | Ubicación/localización actual | Fecha de adquisición | Fuente de adquisición | Total de préstamos | Signatura topográfica completa | Código de barras | Fecha visto por última vez | Precio válido a partir de | Tipo de ítem Koha |
|---|---|---|---|---|---|---|---|---|---|---|---|---|---|---|---|
| El ejemplar forma parte de la colección y puede ser consultado según las políticas vigentes. | Library of Congress Classification | Conventual Franz Mayer | Biblioteca del Museo Franz Mayer (Rogerio Casas-Alatriste) | Biblioteca del Museo Franz Mayer (Rogerio Casas-Alatriste) | 15/03/2016 | Donación | BE8 .Z36 1782 | CFM00008 | 22/03/2019 | 22/03/2019 | Libros |